Westminster City Council v Foundation and Colonnade Management Limited (Record no. 120477)

MARC details
000 -LEADER
fixed length control field 01358cam a2200181 4500
001 - CONTROL NUMBER
control field ##L133092
008 - FIXED-LENGTH DATA ELEMENTS--GENERAL INFORMATION
fixed length control field 060410n 000 0 eng u
035 ## - SYSTEM CONTROL NUMBER
System control number (Sirsi) u133092
041 0# - LANGUAGE CODE
Language code of text/sound track or separate title eng
245 04 - TITLE STATEMENT
Title Westminster City Council v Foundation and Colonnade Management Limited
520 ## - SUMMARY, ETC.
Summary, etc. [2005] EWCA Civ 1607, 20 December 2005. Considered an appeal by the local authority against a decision that it was liable to contribute to the cost of repairing and maintaining a highway that was the subject of an agreement made pursuant to the Highways Act 1980 s38. Under the terms of the agreement, F's predecessor in title had covenanted to maintain the structure of the buildings it occupied, which were constructed on a raft above a railway platform. A service road had been constructed on the same raft as part of the development, and the agreement made provision for maintenance of that road, which was adopted by the local authority. "Held" : appeal dismissed.
590 ## - LOCAL NOTE (RLIN)
Local note IKA110406
650 24 - SUBJECT ADDED ENTRY--TOPICAL TERM
Topical term or geographic name entry element WESTMINSTER CITY COUNCIL V FOUNDATION AND COLONNADE MANAGEMENT LIMITED
650 24 - SUBJECT ADDED ENTRY--TOPICAL TERM
Topical term or geographic name entry element HIGHWAYS ACT 1980 S38
690 ## - LOCAL SUBJECT ADDED ENTRY--TOPICAL TERM (OCLC, RLIN)
Topical term or geographic name as entry element PROPERTY-INFRASTRUCTURE-ROAD INFRASTRUCTURE
856 40 - ELECTRONIC LOCATION AND ACCESS
Uniform Resource Identifier <a href="https://www.bailii.org/cgi-bin/markup.cgi?doc=/ew/cases/EWCA/Civ/2005/1607.html&query=Fountain&method=all">https://www.bailii.org/cgi-bin/markup.cgi?doc=/ew/cases/EWCA/Civ/2005/1607.html&query=Fountain&method=all</a>
Public note View the website free of charge at www.bailii.org...
942 ## - ADDED ENTRY ELEMENTS (KOHA)
Suppress in OPAC 0
Holdings
Withdrawn status Lost status Source of classification or shelving scheme Damaged status Not for loan Home library Current library Shelving location Date acquired Total Checkouts Full call number Barcode Date last seen Copy number Price effective from Koha item type
    Dewey Decimal Classification     Virtual Virtual Online 10/04/2006   ONLINE PUBLICATION 133092-1001 06/08/2019 1 06/08/2019 Law report